000 01300cam a22003497a 4500
003 CHAP
005 20220329142440.0
008 010227d2000 mx o r 00110 spa d
010 _a83648
011 _a84620
035 _a95145
040 _cCHAP
090 _aTesis
100 0 0 _aCob Uicab, José Vidal.
_924153
245 1 4 _aLas reservas campesinas como una estrategia para la conservación de los recursos genéticos forestales en el Ejido Yaxcaba, Yucatán
_c/por Cob Uicab José Vidal.
260 _aChapingo, Méx. :
_bEl autor,
_c2000.
300 _a63 h. :
_bcuads.; gráfs.; fots.
502 _aTesis (Ing. Forestal con Orientación en Silvicultura) -- UACH. División de Ciencias Forestales.
590 _aALEPH
_b10
_c20130110
_lUCH01
_h1441
590 _aBATCH-UPD
_b10
_c20130110
_lUCH01
_h0556
590 _aBATCH-UPD
_b10
_c20130410
_lUCH01
_h0238
590 _aBATCH-UPD
_b10
_c20130914
_lUCH01
_h0953
590 _aCONVERSION
_b10
_c20130109
_lUCH01
_h1346
650 1 4 _aCultivos
_xRendimiento.
_930318
650 1 4 _aRecursos forestales
_xConservación.
_995044
650 1 4 _aRecursos genéticos.
_995078
901 _aBK
905 _aEdna Luz
942 _cFOLL
949 _bBC
_cTES
_d33724000818043
_eTS2
_fc.2
_h37914
_i95145
_si
949 _bBC
_cTES
_d951451
_eTS1
_h37913
_i95145
_sb
999 _c83648
_d83648